Flagi państw nad Oceanem Atlantyckim - Statystyki

Ogólne statystyki
  • Ten quiz został rozwiązany 49 razy
  • Średni wynik to 72 z 94
Statystyki odpowiedzi
Obrazkowy Odpowiedź % Poprawnych
Belgia
98%
Francja
98%
Cypr
96%
Dania
96%
Albania
93%
Egipt
93%
Estonia
93%
Finlandia
93%
Hiszpania
93%
Niemcy
93%
Portugalia
93%
Argentyna
91%
Bośnia i Hercegowina
91%
Brazylia
91%
Bułgaria
91%
Chorwacja
91%
Grecja
91%
Holandia
91%
Irlandia
91%
Izrael
91%
Litwa
91%
Norwegia
91%
Polska
91%
Rosja
91%
Szwecja
91%
Wielka Brytania
91%
Włochy
91%
Malta
89%
Turcja
89%
Ukraina
89%
Algieria
87%
Chile
87%
Czarnogóra
87%
Gruzja
87%
Islandia
87%
Łotwa
87%
Słowenia
87%
Stany Zjednoczone
87%
Kanada
84%
Maroko
84%
Meksyk
84%
Monako
84%
Republika Południowej Afryki
84%
Rumunia
84%
Tunezja
84%
Angola
80%
Jamajka
80%
Nigeria
80%
Urugwaj
80%
Kamerun
78%
Kolumbia
78%
Ghana
76%
Liban
76%
Wenezuela
76%
Barbados
73%
Gabon
73%
Kuba
73%
Syria
73%
Wybrzeże Kości Słoniowej
73%
Dominika
71%
Dominikana
71%
Kostaryka
71%
Libia
71%
Panama
71%
Senegal
71%
Demokratyczna Republika Konga
69%
Antigua i Barbuda
67%
Haiti
67%
Honduras
67%
Bahamy
64%
Belize
64%
Gwatemala
64%
Mauretania
64%
Liberia
62%
Nikaragua
62%
Republika Zielonego Przylądka
62%
Benin
60%
Saint Lucia
60%
Surinam
60%
Grenada
58%
Gujana
58%
Kongo
58%
Togo
58%
Trynidad i Tobago
58%
Gambia
56%
Gwinea-Bissau
56%
Sierra Leone
56%
Palestyna
53%
Saint Kitts i Nevis
53%
Saint Vincent i Grenadyny
53%
Namibia
51%
Gwinea
49%
Gwinea Równikowa
49%
Wyspy Świętego Tomasza i Książęca
47%
Nie znaleziono quizów pasujących do podanych kryteriów
Rozkład punktacji
Procent ludzi z każdym wynikiem
Percentyl według liczby udzielonych odpowiedzi
Twoja historia wyników
Nie rozwiązałeś tego quizu